000 00337nam a2200133Ia 4500
008 190723s9999 xx 000 0 und d
020 _a978-93-325-8269-9
100 _aIan Sommerville
245 0 _aSoftware Engineering : A Practitioner's Approach
250 _a10th
260 _aIndia
_bPearson
_c2017
300 _a808.:p
942 _cBK
999 _c1616
_d1616